LEADER 01023nam a2200205 i 4500 001 000000029339 003 CaOOAMICUS 005 20180830125448.0 008 180830s1925 it u000 u ita u 040 $aSeMil$bita 100 1 $aRuffini, Ernesto <1888-1967>.$0(OLS)http://semarc/name/13389 245 10$aIntroductio in S. Scripturam :$bpraelectiones habitae in Athenaeis Pont. Sem. Rom. et Prop. Fidei /$ca Sac. Doct. Ernesto Ruffini. 260 $aRoma :$bLibreria editrice religiosa Francesco Ferrari,$c1925. 260 $aTorino :$bSEI,$c1925. 300 $av. ;$c26 cm. 650 4$aBibbia - Introduzioni.$0(OLS)http://semarc/subject/748 774 0 $tIntroductio in Novum Testamentum.$gPars2$w()226326 996 $6245$aIntroductio in S. Scripturam :$bpraelectiones habitae in Athenaeis Pont. Sem. Rom. et Prop. Fidei$9(OLS)http://semarc/title/39858 996 $6260$aTorino :$bSEI$9(OLS)http://semarc/publisher/29848 996 $6260$aRoma :$bLibreria editrice religiosa Francesco Ferrari$9(OLS)http://semarc/publisher/35932 LEADER 01010nam a2200253 i 4500 001 000000182709 003 CaOOAMICUS 005 20091029000000.0 008 091029s1970 it u000 u ita u 013 $a160670 040 $aSeMil$bita 100 1 $aTresmontant, Claude,$d<1928-1997>.$0(OLS)http://semarc/name/15378 245 12$aL'esistenza di Dio, oggi /$cClaude Tresmontant. 260 $aModena :$bEdizioni Paoline,$c1970. 300 $a432 p. ;$c21 cm. 490 0 $aVita quotidiana, vita cristiana ;$v24 500 $aContiene : Appendici. 650 4$aDio - Esistenza.$0(OLS)http://semarc/subject/4187 830 0$aVita quotidiana, vita cristiana ;$v24.$0(OLS)http://semarc/title/13486 850 $aSeMil 852 $aSeMil$W1$xVenegono$y1$m2R II 102$j133413$B133413$CSeMilBibl$Z2$F145363 $81 961 $aOmaggio: Bernasconi Giampiero 996 $6245$aL'esistenza di Dio, oggi$9(OLS)http://semarc/title/262137 996 $6260$aModena :$bEdizioni Paoline$9(OLS)http://semarc/publisher/40063